Cyclisme : Top 20 du Critérium du Dauphiné 2025 - Statistiques

Statistiques générales
  • Ce quiz a été pris 70 fois
  • Le résultat moyen est 13 sur 20
Statistiques - réponses
Position Equipe Coureur % Correct
2eme Visma Lease a Bike Jonas Vingegaard
100%
1er UAE Team Emirates Tadej Pogacar
100%
4eme Soudal Quick Step Remco Evenepoel
96%
3eme Red Bull Bora Hansgrohe Florian Lipowitz
95%
10eme Groupama FDJ Guillaume Martin
93%
5eme Uno-X Mobility Tobias Halland Johannessen
91%
7eme Movistar Team Enric Mas
89%
6eme Visma Lease a Bike Matteo Jorgenson
88%
13eme Visma Lease a Bike Sepp Kuss
80%
9eme Ineos Grenadiers Carlos Rodriguez
79%
14eme TotalEnergies Jordan Jegat
77%
8eme Décathlon AG2R la Mondiale Paul Seixas
71%
18eme Intermarché Wanty Louis Meintjes
45%
11eme Cofidis Emanuel Buchmann
43%
15eme Tudor Pro Cycling Team Mathys Rondel
30%
12eme Visma Lease a Bike Ben Tulett
29%
19eme Jayco AlUla Edward Dunbar
21%
16eme Movistar Team Gregor Muhlberger
16%
17eme Israël Premier Tech Alexey Lutsenko
11%
20eme EF Éducation Easypost Esteban Chaves
5%
Aucun quiz correspondant
Distribution des résultats
% des personnes avec chaque résultat
Percentile par nombre de réponses
Votre historique - résultats
Vous n’avez pas pris ce quiz